Southville International School and Colleges
Your cart is empty.
  • Cart
  • Lists
    Public lists Eva Luna New books Lux_list list_1
    Your lists Log in to create your own lists
  • Log in to your account
  • Your cookies
  • Search history
Southville International School and Colleges
  • Advanced search
  • Recent comments
  • Most popular
  • Libraries

Log in to your account

Log in with GOOGLE


If you do not have an external account, but do have a local account, you can still log in:

  1. Home
  2. MARC view: Auditing basics
Normal view MARC view ISBD view

Auditing basics (Record no. 367327)

[ view plain ]
MARC details
000 -LEADER
fixed length control field 00568nam a22002057a 4500
003 - CONTROL NUMBER IDENTIFIER
control field 0
005 - DATE AND TIME OF LATEST TRANSACTION
control field 20250324144419.0
008 - FIXED-LENGTH DATA ELEMENTS--GENERAL INFORMATION
fixed length control field 250324b xxu||||| |||| 00| 0 eng d
020 ## - INTERNATIONAL STANDARD BOOK NUMBER
International Standard Book Number 9781984689122
050 ## - LIBRARY OF CONGRESS CALL NUMBER
Classification number HF 5667
Item number .Sh36 2024
100 ## - MAIN ENTRY--PERSONAL NAME
Personal name Shao, Jianlin
245 ## - TITLE STATEMENT
Title Auditing basics
Statement of responsibility, etc Jianlin Shao
250 ## - EDITION STATEMENT
Edition statement Third edition
260 ## - PUBLICATION, DISTRIBUTION, ETC. (IMPRINT)
Place of publication, distribution, etc New York
Name of publisher, distributor, etc 3G E-Learning, LLC
Date of publication, distribution, etc 2024
300 ## - PHYSICAL DESCRIPTION
Extent xii, 402 pages :
Other physical details colored illustrations and pictures ;
Dimensions 25cm.
504 ## - BIBLIOGRAPHY, ETC. NOTE
Bibliography, etc Includes index.
650 ## - SUBJECT ADDED ENTRY--TOPICAL TERM
Topical term or geographic name as entry element Audit.
650 ## - SUBJECT ADDED ENTRY--TOPICAL TERM
Topical term or geographic name as entry element Auditing.
942 ## - ADDED ENTRY ELEMENTS (KOHA)
Source of classification or shelving scheme Library of Congress Classification
Koha item type Books
Holdings
Withdrawn status Lost status Source of classification or shelving scheme Damaged status Home library Current library Shelving location Date acquired Source of acquisition Sub Shelving location Total Checkouts Full call number Barcode Date last seen Price effective from Koha item type
    Library of Congress Classification   College Library College Library Reserve Section 03/24/2025 Library Fund     HF 5667 .Sh36 2024 C24255 03/24/2025 03/24/2025 Books

Auditing basics

APA

Shao J., . (2024). Auditing basics. New York: 3G E-Learning, LLC.

Chicago

Shao Jianlin, . 2024. Auditing basics. New York: 3G E-Learning, LLC.

Harvard

Shao J., . (2024). Auditing basics. New York: 3G E-Learning, LLC.

MLA

Shao Jianlin, . Auditing basics. New York: 3G E-Learning, LLC. 2024.

  • Place hold
  • Print
  • Cite
  • Add to your cart (remove)
  • Save record
    BIBTEX Dublin Core MARCXML MARC (non-Unicode/MARC-8) MARC (Unicode/UTF-8) MARC (Unicode/UTF-8, Standard) MODS (XML) RIS
  • More searches
    Search for this title in:
    Other Libraries (WorldCat) Other Databases (Google Scholar) Online Stores (Bookfinder.com) Open Library (openlibrary.org)

Exporting to Dublin Core...

SOUTHVILLE LIBRARY

Southville International School and Colleges Library

1281 Tropical Ave. Cor. Luxembourg St., BF Homes International, Las Pinas City

Tel. No. 8256374 / 252358 Loc. 117/146

Powered by Koha